000 00492cam a22001337a 4500
008 180718b1962 xxu||||| |||| 00| 0 eng d
082 _aA75 M278RA
245 _aMaharashtra state gazetteers: Ratnagiri
_cedited by P.Setu Madhava Rao
260 _aBombay
_bThe Director, Government Printing, Stationery and Publication
_c1962
300 _a1027+p.
500 _aLibrary also has supplement, edited by B.G. Kunte. 1978. 62p.
650 _aRatnagiri - Gazetteers
700 _aMadhava Rao, P. Setu
999 _c486510
_d486510